000 00347nam a2200121Ia 4500
008 240731s9999 xx 000 0 und d
022 _a1930-9325
245 0 _aNHSA Dialog : A Research-to-Practice Journal for the Early Childhood Field
260 _bRoutledge
856 _uhttps://www.tandfonline.com/loi/hnhd20
942 _2ddc
942 _cTFEJ
999 _c78649
_d78649
945 _a1
_bMadushi Gamage
_c1
_dMadushi Gamage